Water pumps and pumping systems / (Record no. 330547)

000 -LEADER
fixed length control field 01469cam a22003494a 4500
001 - CONTROL NUMBER
control field 13104048
003 - CONTROL NUMBER IDENTIFIER
control field NUST
005 - DATE AND TIME OF LATEST TRANSACTION
control field 20170719164015.0
008 - FIXED-LENGTH DATA ELEMENTS--GENERAL INFORMATION
fixed length control field 030225s2002 nyua b 001 0 eng d
010 ## - LIBRARY OF CONGRESS CONTROL NUMBER
LC control number 2003265867
020 ## - INTERNATIONAL STANDARD BOOK NUMBER
International Standard Book Number 0071374914
035 ## - SYSTEM CONTROL NUMBER
System control number (OCoLC)ocm50769801
040 ## - CATALOGING SOURCE
Original cataloging agency FUG
Transcribing agency FUG
Modifying agency OCLCQ
-- DLC
042 ## - AUTHENTICATION CODE
Authentication code lccopycat
050 00 - LIBRARY OF CONGRESS CALL NUMBER
Classification number TJ900
Item number .R57 2002
082 00 - DEWEY DECIMAL CLASSIFICATION NUMBER
Classification number 621.252 RIS
Edition number 21
100 1# - MAIN ENTRY--PERSONAL NAME
Personal name Rishel, James B.
9 (RLIN) 3450
245 10 - TITLE STATEMENT
Title Water pumps and pumping systems /
Statement of responsibility, etc. James B. (Burt) Rishel.
246 13 - VARYING FORM OF TITLE
Title proper/short title Water/wastewater treatment applications
260 ## - PUBLICATION, DISTRIBUTION, ETC.
Place of publication, distribution, etc. New York :
Name of publisher, distributor, etc. McGraw-Hill,
Date of publication, distribution, etc. c2002.
300 ## - PHYSICAL DESCRIPTION
Extent 1 v. (various pagings) :
Other physical details ill. ;
Dimensions 23 cm.
440 #0 - SERIES STATEMENT/ADDED ENTRY--TITLE
Title McGraw-Hill professional engineering
9 (RLIN) 3451
490 1# - SERIES STATEMENT
Series statement Civil engineering
500 ## - GENERAL NOTE
General note H.B
504 ## - BIBLIOGRAPHY, ETC. NOTE
Bibliography, etc. note Includes bibliographical references and index.
650 #0 - SUBJECT ADDED ENTRY--TOPICAL TERM
Topical term or geographic name entry element Pumping machinery.
9 (RLIN) 3452
650 #0 - SUBJECT ADDED ENTRY--TOPICAL TERM
Topical term or geographic name entry element Water-supply engineering.
9 (RLIN) 391
830 #0 - SERIES ADDED ENTRY--UNIFORM TITLE
Uniform title McGraw-Hill civil engineering series.
9 (RLIN) 3453
856 42 - ELECTRONIC LOCATION AND ACCESS
Materials specified Contributor biographical information
Uniform Resource Identifier <a href="http://www.loc.gov/catdir/bios/mh041/2003265867.html">http://www.loc.gov/catdir/bios/mh041/2003265867.html</a>
856 41 - ELECTRONIC LOCATION AND ACCESS
Materials specified Table of contents
Uniform Resource Identifier <a href="http://www.loc.gov/catdir/toc/mh031/2003265867.html">http://www.loc.gov/catdir/toc/mh031/2003265867.html</a>
856 42 - ELECTRONIC LOCATION AND ACCESS
Materials specified Publisher description
Uniform Resource Identifier <a href="http://www.loc.gov/catdir/enhancements/fy0704/2003265867-d.html">http://www.loc.gov/catdir/enhancements/fy0704/2003265867-d.html</a>
906 ## - LOCAL DATA ELEMENT F, LDF (RLIN)
a 7
b cbc
c copycat
d 2
e ncip
f 20
g y-gencatlg
942 ## - ADDED ENTRY ELEMENTS (KOHA)
Source of classification or shelving scheme
Koha item type Book
Call number prefix IESE
Holdings
Withdrawn status Lost status Source of classification or shelving scheme Damaged status Not for loan Collection code Permanent Location Current Location Shelving location Date acquired Total Checkouts Full call number Barcode Date last seen Price effective from Koha item type
            Institute of Environmental Science and Engineering (IESE) Institute of Environmental Science and Engineering (IESE) General Stacks 07/19/2017   621.252 RIS IESE-793 07/19/2017 07/19/2017 Book
© 2023 Central Library, National University of Sciences and Technology. All Rights Reserved.